Cricket: Highest Individual Career Test Batting Strike Rates - Statistics

General Stats
  • This quiz has been taken 24 times
    16 since last reset
  • The average score is 16 of 22
Answer Stats
Country Years Runs Average S/R Answer % Correct
AUS 1999-2008 5570 47.61 81.96 Adam Gilchrist
100%
IND 2001-2013 8586 49.34 82.21 Virender Sehwag
100%
NZ 2004-2016 6453 38.64 64.60 Brendon McCullum
81%
WI 1990-2006 11953 52.89 60.52 Brian Lara
81%
AUS 2011-2021* 7311 48.10 72.68 David Warner
81%
ENG 2005-2014 8181 47.29 61.72 Kevin Pietersen
81%
AUS 1994-2009 8625 50.74 60.11 Matthew Hayden
81%
IND 2005-2014 4876 38.09 59.11 MS Dhoni
81%
ENG 2007-2021* 3346 19.12 65.36 Stuart Broad
81%
WI 2000-2014 7214 42.19 60.27 Chris Gayle
75%
AUS 1995-2012 13378 51.85 58.72 Ricky Ponting
75%
BAN 2007-2021* 3930 39.70 61.66 Shakib Al Hasan
75%
SL 1999-2013 5492 40.99 65.55 Tillakaratne Dilshan
75%
SA 2014-2021* 3008 37.14 71.16 Quinton de Kock
69%
NZ 2007-2021* 7379 45.83 59.79 Ross Taylor
69%
SL 1991-2007 6973 40.07 65.13 Sanath Jayasuriya
69%
ENG 1998-2009 3845 31.78 62.05 Andrew Flintoff
63%
SA 2002-2014 9265 48.26 59.69 Graeme Smith
63%
ENG 1977-1992 5200 33.55 60.71 Lord Ian Botham
63%
AUS 2008-2015 3266 32.99 58.46 Brad Haddin
44%
ENG 2007-2014 4099 40.19 61.67 Matt Prior
44%
BAN 2000-2008 3026 30.88 60.28 Habibul Bashar
25%
No matching quizzes found
Score Distribution
Percent of People with Each Score
Percentile by Number Answered
Your Score History
You have not taken this quiz since the last reset